| 000 | 00678nam a2200229Ia 4500 | ||
|---|---|---|---|
| 003 | AR-RoIUNI | ||
| 005 | 20181207085646.0 | ||
| 007 | ta | ||
| 008 | 150616s1980 co r 000 0 spa d | ||
| 020 | _a927531022X | ||
| 040 |
_cIUNIR _bSpa _eAnglo |
||
| 080 | _a614.2 ARN | ||
| 100 | 1 |
_aArndt, Clara _9468 |
|
| 245 | 1 | 0 |
_aAdministración de enfermería _bteoría para la práctica con un enfoque de sistemas _cClara Arndt, Loucine M. Daderian Huckabay. |
| 250 | _a2a. ed. | ||
| 260 |
_aColombia _bMosby Company _c1980 |
||
| 300 |
_a375 p. _c23 cm. |
||
| 650 | 1 | 0 |
_aEnfermería _986 |
| 650 | 1 | 0 |
_aAdministración _9460 |
| 700 | 1 | _aDaderian Huckabay, Loucine M. | |
| 942 |
_cBK _2cdu |
||
| 999 |
_c1392 _d1392 |
||